Normal view
MARC view
- Mendoza von der Borch, Tatiana
Entry Nombre Personal
001 - NUMERO DE CONTROL
- campo de control: 57187
003 - IDENTIFICADOR DE NUMERO DE CONTROL
- campo de control: MX-MxUPN
005 - FECHA Y HORA DE LA ÜLTIMA TRANSACCIÓN
- campo de control: 20260327102832.0
008 - DATOS DE LONGITUD FIJA
- campo de control de longitud fija: 250624na acannaabn b aaa d
040 ## - FUENTE DE CATALOGACIÓN
- Agencia original de catalogación: MX-MxUPN
- Lenguaje de catalogación: spa
100 1# - ENCABEZAMIENTO - NOMBRE PERSONAL
- Nombre personal: Mendoza von der Borch, Tatiana
670 ## - FUENTE EN LA QUE SE LOCALIZARON DATOS
- Cita de la fuente: Matemáticas 3, 2017:
- Información localizada: portada (Tatiana Mendoza von der Borch)
902 ## - CATALOGADOR
- Catalogador: Víctor Ruiz/270326
